Central Library OPAC University of Rajshahi

Economics : (Record no. 2049)

MARC details
000 -LEADER
fixed length control field 00738cam a22002531 4500
001 - CONTROL NUMBER
control field 2049
003 - CONTROL NUMBER IDENTIFIER
rucl marc code BD-RjUL
005 - DATE AND TIME OF LATEST TRANSACTION
control field 20211208233454.0
008 - FIXED-LENGTH DATA ELEMENTS--GENERAL INFORMATION
fixed length control field 131210s19551954nyua 001 0 eng
035 ## - SYSTEM CONTROL NUMBER
System control number (BD-RjUL)2076
System control number (OCoLC)167732
040 ## - CATALOGING SOURCE
Original cataloging agency DLC
Transcribing agency ODaWU
Modifying agency OCoLC
-- Uk
-- DLC
Language of cataloging eng
041 ## - LANGUAGE CODE
Language code of text/sound track or separate title eng
082 ## - DEWEY DECIMAL CLASSIFICATION NUMBER
Classification number 330
Edition number 16
Author mark and year BAE 1955
100 1# - MAIN ENTRY--PERSONAL NAME
Personal name Bach, George Leland,
Dates associated with a name 1915-1994.
9 (RLIN) 6011
245 10 - TITLE STATEMENT
Title Economics :
Remainder of title an introduction to analysis and policy /
Statement of responsibility, etc. George Leland Bach
260 ## - PUBLICATION, DISTRIBUTION, ETC. (IMPRINT)
Place of publication, distribution, etc. New York :
Name of publisher, distributor, etc. Prentice-Hall,
Date of publication, distribution, etc. 1954.[REPRINTED 1955]
300 ## - PHYSICAL DESCRIPTION
Pagination viii,720 p.
Illustrations illus.
Size 24 cm.
526 ## - STUDY PROGRAM INFORMATION NOTE
Requested Dept. Economics
650 #0 - SUBJECT ADDED ENTRY--TOPICAL TERM
Topical term or geographic name as entry element Economics.
9 (RLIN) 6708
Topical term or geographic name as entry element Economic policy.
9 (RLIN) 6709
942 ## - ADDED ENTRY ELEMENTS (KOHA)
Source of classification or shelving scheme Dewey Decimal Classification
Koha item type Books
Holdings
Lost status Source of classification or shelving scheme Damaged status Not for loan Collection code Permanent Location Current Location Shelving location Date acquired Total Checkouts Full call number Date last seen Copy number Koha item type Source of acquisition Cost, normal purchase price
  Dewey Decimal Classification   Not For Loan Non-fiction Central Library, University of Rajshahi Central Library, University of Rajshahi Reading Room 03/10/1961   330 BAE 1955 10/12/2013 C-1 Books    
  Dewey Decimal Classification     Non-fiction Central Library, University of Rajshahi Central Library, University of Rajshahi   01/06/1955   330 BAE 1954 24/11/2016 C-2 Books Pac American commercial 27.00